000 00673nam a2200217Ia 4500
003 GCL
008 140319s9999 xx 000 0 ara d
040 _aGCL /
_cGCL
082 0 4 _aق
_b390.0932
_bم ا
100 1 _aمحرم كمال
245 1 0 _aاثار حضارة الفراعنة فى حياتنا الحالية /
_cمحرم كمال
260 _a[S.N] :
_bدار الهلال للطباعة والنشر ،
_c1956
300 _a82 ص
490 _a
650 0 4 _aالعادات والتقاليد
650 0 4 _aمصر القديمة
650 0 4 _aالحضارة الفرعونية
650 0 4 _aالدين
650 0 4 _aالاسماء
942 _2ddc
_cBK
999 _c36433
_d36433